| 000 | 00664nam a22002177a 4500 | ||
|---|---|---|---|
| 005 | 20140527061049.0 | ||
| 008 | 000419s2001 caub b 001 0 eng | ||
| 020 | _a0767418379 | ||
| 024 | 0 | _ceng | |
| 080 | _a572 | ||
| 245 | 0 | 0 |
_aApplying cultural anthropology : _c[edited by] Aaron Podolefsky, Peter J. Brown. |
| 250 | _a5th ed. | ||
| 260 |
_aMountain View, Calif. : _bMayfield Pub. Co., _c2001. |
||
| 300 |
_a316 f. : _bmap ; _c28 cm. |
||
| 504 | _aIncludes bibliographical references and index. | ||
| 650 | 0 | _aAntropologjia | |
| 650 | 0 | _aEtnologjia | |
| 700 | 1 | _aPodolefsky, Aaron. | |
| 700 | 1 | _aBrown, Peter J. | |
| 942 |
_2udc _cBK |
||
| 999 |
_c468 _d468 |
||